| 000 | 00557nam a2200205Ii 4500 | ||
|---|---|---|---|
| 001 | 9986 | ||
| 003 | CO-ViMGA | ||
| 008 | 241108s9999||||xx |||||||||||||| ||und|| | ||
| 040 |
_aCO-ViMGA _bspa _erda _cCO-ViMGA |
||
| 041 | 0 | _aspa | |
| 084 | _aP DAR1 | ||
| 100 | 1 |
_aRubén Dario _951918 |
|
| 245 | 1 | 2 | _aA Margarita debayle |
| 264 | 1 | _aBogotá, Colombia : Norma, 1988 | |
| 300 | _avolumen | ||
| 336 |
_atext _btxt _2rdacontent |
||
| 337 |
_aunmediated _bn _2rdamedia |
||
| 338 |
_avolume _bnc _2rdacarrier |
||
| 940 | _aidficha_siabuc: 9761. -- ficha_no_siabuc:9986 | ||
| 999 |
_c46681 _d46681 |
||